Fundamentals of classical thermodynamics (Record no. 14470)

000 -LEADER
fixed length control field 00490nam a22001937a 4500
001 - CONTROL NUMBER
control field 14470
003 - CONTROL NUMBER IDENTIFIER
control field BD-DhUET
008 - FIXED-LENGTH DATA ELEMENTS--GENERAL INFORMATION
fixed length control field 150308b xxu||||| |||| 00| 0 eng d
040 ## - CATALOGING SOURCE
Transcribing agency 0
Modifying agency BD-DhUET
082 ## - DEWEY DECIMAL CLASSIFICATION NUMBER
Classification number 536.7
Item number VAN/1985
100 ## - MAIN ENTRY--PERSONAL NAME
Personal name Van Wylen, Gordon J.
245 ## - TITLE STATEMENT
Title Fundamentals of classical thermodynamics
250 ## - EDITION STATEMENT
Edition statement 3rd ed.
260 ## - PUBLICATION, DISTRIBUTION, ETC. (IMPRINT)
Place of publication, distribution, etc. New York
Name of publisher, distributor, etc. John Wiley & Sons
Date of publication, distribution, etc. 1985
300 ## - PHYSICAL DESCRIPTION
Extent xiv, 722 p.
650 #0 - SUBJECT ADDED ENTRY--TOPICAL TERM
Topical term or geographic name as entry element Thermodynamics
700 ## - ADDED ENTRY--PERSONAL NAME
Personal name Sonntag, Richard E.
942 ## - ADDED ENTRY ELEMENTS (KOHA)
Koha item type General Book
Holdings
Piece designation (barcode) Sublocation or collection (holding branch) Lost status Withdrawn status Koha date last borrowed Koha full call number Koha item type Not for loan Koha date last seen Koha normalized classification for sorting Damaged status Price effective from Koha issues (times borrowed) Date acquired Shelving location Location (home branch) Source of classification or shelving scheme Copy number
68588Central Library, BUET  2025-05-26536.7/VAN/1985General Book 2025-06-23536_700000000000000_VAN_1985 2015-03-0822015-03-08Circulation sectionCentral Library, BUET 1
68590Central Library, BUET  2023-04-30536.7/VAN/1985General Book 2023-05-08536_700000000000000_VAN_1985 2015-03-1042015-03-10Circulation sectionCentral Library, BUET 2
68592Central Library, BUET  2023-12-02536.7/VAN/1985General Book 2023-12-11536_700000000000000_VAN_1985 2015-03-1022015-03-10Circulation sectionCentral Library, BUET 3
68589Central Library, BUET  2023-12-02536.7/VAN/1985General Book 2024-02-18536_700000000000000_VAN_1985 2015-03-1622015-03-16Circulation sectionCentral Library, BUET 4